000 00822nac a22002051u 4500
010 _a79009481
020 _a0816608644 :
082 0 0 _a610.2854
_bA1823
090 _c1643
_d1643
100 _aAckerman, Eugene,
245 1 0 _aMathematical models in the health sciences :
_ba computer-aided approach /
_cEugene Ackerman, LaeÌ(l Cranmer Gatewood.
260 _aMinneapolis :
_bUniversity of Minnesota Press,
_cc1979.
300 _axiii, 357 p. :
_bill. ;
_c24 cm.
504 _aIncludes bibliographies and index.
650 0 _aMedicine
_xMathematical models.
650 0 _aMedicine
_xData processing.
700 1 _aGatewood, LaeÌ(l Cranmer,
942 _cBB
_k610.2854A1823
999 _c1643
_d1643